000 00332nam a22001457a 4500
008 210506b ||||| |||| 00| 0 eng d
020 _a9780324002324
041 _aeng
080 _23rd
_a338
082 _a338
100 _a53
101 _aMEN
245 _aCost Management Accounting Control
_cDon R. Hansen
942 _2udc
_cBK
999 _c57087
_d57087